Tomás moro / ed. por manuel pérez de guzmán y boza
Guardado en:
| Autor Principal: | |
|---|---|
| Otros Autores: | |
| Formato: | Libro |
| Publicado: |
Madrid :
Sucesores de Rivadeneyra,
1893
|
| Materias: | |
| Etiquetas: |
Agregar Etiqueta
Sin Etiquetas, Sea el primero en etiquetar este registro!
|
| LEADER | 00799nam a22002055a 4500 | ||
|---|---|---|---|
| 001 | EHU.bham041587 | ||
| 003 | AR-BHAM | ||
| 005 | 20120611103557.0 | ||
| 008 | 130507s1893##################000#0#####d | ||
| 082 | 9 | 2 | |a 922 |
| 100 | 1 | |a Herrera, Fernando de | |
| 245 | 1 | 0 | |a Tomás moro / |b ed. por manuel pérez de guzmán y boza |c Fernando De Herrera : |
| 260 | |a Madrid : |b Sucesores de Rivadeneyra, |c 1893 | ||
| 300 | |a 76 p. | ||
| 500 | |a Nueva edición de 100 ejemplares, hecha por el Excmo. Sr. D. Manuel Pérez de Guzmán y Boza, Marqués de Jerez de los Caballeros, Diputado à Cortés, etc. | ||
| 600 | 1 | 4 | |a Moro, Tomás |
| 653 | |a Biografías | ||
| 653 | |a Biografías de escritores | ||
| 700 | 1 | |a Pérez de Guzmán y Boza, Manuel | |
| 859 | |a AR-BHAM |b BIB. HUMANIDADES - Arturo Marasso |h 922 |i M828h |p 1394.57 |t Ej.1 |v M | ||
